| 000 | 00980nam a2200313 a 4500 | ||
|---|---|---|---|
| 001 | 77201 | ||
| 003 | BD-RjUL | ||
| 005 | 20211209082937.0 | ||
| 008 | 200302s1983 ii af b 001 0 eng | ||
| 020 | _cRs210.00 ($42.00 U.S.) | ||
| 035 | _a(BD-RjUL)77425 | ||
| 040 |
_aDLC _cDLC _dDLC _dBD-RjUL _beng |
||
| 041 | _aeng | ||
| 043 | _aa-ii--- | ||
| 082 | 0 | 0 |
_223 _a704.947 _bGUE 1983 |
| 100 | 1 |
_aGupta, S. K., _d1939- _9240240 |
|
| 245 | 1 | 0 |
_aElephant in Indian art and mythology / _cS.K. Gupta ; foreword by Indira Gandhi. |
| 260 |
_aNew Delhi : _bAbhinav Publications, _c1983. |
||
| 300 |
_axvi, 87 p., [39] p. of plates : _bill. (some col.) ; _c28 cm. |
||
| 500 | _aIncludes index. | ||
| 504 | _aBibliography: p. [77]-84. | ||
| 650 | 0 |
_aMythology, Indic. _9240241 |
|
| 650 | 0 |
_aArt, Indic. _9240242 |
|
| 650 | 0 |
_aElephants in art. _9228032 |
|
| 650 | 0 |
_aElephants _xMythology _zIndia. _9228032 |
|
| 942 |
_2ddc _cBK |
||
| 999 |
_c77201 _d77201 |
||